00502 a2200193 4500260001000000630006300010037001000073650002800083100001800111260005800129245003500187300001000222650002200232260000900254300001000263100000700273037001100280020001700291 aParis a62 - Ingenierie. Art de lingenieur. Technologie en general b1, LP a6 - SCIENCES APPLIQUEES aLouchet, jean bEcole Nationale Supérieure de Techniques Avancées aVision : segmentation d'images a135p. aImage : technique c1992 b24 cm lFr aS 7272 a2.7225.839.7